00310nam a2200133Ia 4500008004900000022001300049041000800062082001100070100001700081245001500098260003700113300001800150440000800168240112s1990 NOV-DEC xx 000 0 und d a00995355 aeng a616.05 aOVARIES C.P. aTHE LANCET bLITTLE BROWN & CO.c1990 NOV-DEC a1593,HBc8723 v336